| 000 | 00932nam a22002417a 4500 | ||
|---|---|---|---|
| 999 |
_c17474 _d17474 |
||
| 003 | AR-CdUCM | ||
| 008 | 190508b ||||| |||| 00| 0 spa d | ||
| 040 |
_aMUNICIPALIDAD PROVINCIAL DEL CUSCO _cBIBLIOTECA MUNICIPAL DEL CUSCO |
||
| 082 |
_a301.08 / _bS26 |
||
| 100 |
_aAlexander, S. S. _937511 |
||
| 245 | _aLa ciencia de la economía y las decisiones económicas / | ||
| 260 |
_aMadrid : _bTecnos, _c1962. |
||
| 300 |
_a187 páginas ; _c24 cm. |
||
| 440 |
_aSemilla y surco _937512 |
||
| 440 |
_aColección de ciencias sociales _98245 |
||
| 505 | _aContenido: La economía y la planificación de los negocios -- La política de estabilidad económica -- El problema de la inflación progresiva... | ||
| 650 |
_aAnálisis económico _95582 |
||
| 650 |
_aPolítica económica _91407 |
||
| 650 |
_aEnsayos _9375 |
||
| 700 |
_aDefarges Ibañez, Ricardo (traducción) _937513 |
||
| 942 |
_2ddc _cLIBROS |
||
| 945 |
_adavv _d2019-05-08 |
||